Atlas tratamiento quirurgico del trauma / (Registro nro. 2208)

Detalles MARC
000 -LEADER
fixed length control field 01175nam a2200301 4500
001 - CONTROL NUMBER
control field 0000013647
003 - CONTROL NUMBER IDENTIFIER
control field CO-CtgCURN
005 - DATE AND TIME OF LATEST TRANSACTION
control field 20250430214517.0
007 - PHYSICAL DESCRIPTION FIXED FIELD--GENERAL INFORMATION
fixed length control field ta
008 - FIXED-LENGTH DATA ELEMENTS--GENERAL INFORMATION
fixed length control field 160627s2001 000 0 eng d
020 ## - INTERNATIONAL STANDARD BOOK NUMBER
International Standard Book Number 9701032381
040 ## - CATALOGING SOURCE
Original cataloging agency CO-CtgCURN
Language of cataloging spa
Transcribing agency coctgcurn
082 0# - DEWEY DECIMAL CLASSIFICATION NUMBER
Classification number R616.804
Item number C173a
100 1# - MAIN ENTRY--PERSONAL NAME
Personal name Carrico, James.
245 10 - TITLE STATEMENT
Title Atlas tratamiento quirurgico del trauma /
Statement of responsibility, etc. James Carrico , Erwin R. Thal, John A. Weigelt.
260 ## - PUBLICATION, DISTRIBUTION, ETC.
Place of publication, distribution, etc. Mexico :
Name of publisher, distributor, etc. McGraw-Hill,
Date of publication, distribution, etc. 2001.
300 ## - PHYSICAL DESCRIPTION
Extent 331 p.
336 ## - CONTENT TYPE
Source rdacontent
337 ## - MEDIA TYPE
Source rdamedia
Media type term sin mediacion
Media type code n
338 ## - CARRIER TYPE
Source rdacarrier
Carrier type term volumen
Carrier type code nc
500 ## - GENERAL NOTE
General note Incluye indice.
505 8# - FORMATTED CONTENTS NOTE
Formatted contents note Habilidades basicas.--Lesiones de colon y recto.--Lesiones del parenquima hepatico.--Vesicula y via biliar.--Neurotrauma craneal.--Lesiones vasculares del cuello.--Aorta abdominal.--Lesiones del estrecho superior.--Lesiones vasculares del cuello.--Trauma de la piel cabelluda y la cara
650 14 - SUBJECT ADDED ENTRY--TOPICAL TERM
Topical term or geographic name entry element Diagnosis quirurgico.
700 1# - ADDED ENTRY--PERSONAL NAME
Personal name Thal, Erwin R.
908 ## - PUT COMMAND PARAMETER (RLIN)
Put command parameter 160627
942 ## - ADDED ENTRY ELEMENTS (KOHA)
Koha item type Libros
Classification part R616.804
Item part C173a
Source of classification or shelving scheme Dewey Decimal Classification
Suppress in OPAC No
Existencias
Withdrawn status Lost status Source of classification or shelving scheme Damaged status Not for loan Collection Home library Current library Shelving location Date acquired Inventory number Total checkouts Full call number Barcode Date last seen Price effective from Koha item type Public note
    Dewey Decimal Classification     General Miguel Henríquez Emiliani Miguel Henríquez Emiliani General 03/29/2025 000788   616.804 C173a 000788 03/29/2025 03/29/2025 Libros 610-CIENME